Labour Inspection in Agriculture in south Asia. (Record no. 1261443)

MARC details
000 -LEADER
fixed length control field 00535nam a2200193Ia 4500
005 - DATE AND TIME OF LATEST TRANSACTION
control field 20250317125912.0
008 - FIXED-LENGTH DATA ELEMENTS--GENERAL INFORMATION
fixed length control field 008 250317s9999 xx 000 0 eng d
020 ## - INTERNATIONAL STANDARD BOOK NUMBER
International Standard Book Number 92-2-106640-1
040 ## - CATALOGING SOURCE
Original cataloging agency FMSL
Language of cataloging eng
Transcribing agency FMSL
041 ## - LANGUAGE CODE
Language code of text/sound track or separate title eng
Source of code eng
084 ## - COLON CLASSIFICATION NUMBER
Classification number X8(J).4 M8
Assigning agency FMSL
100 ## - MAIN ENTRY--PERSONAL NAME
Personal name I .L .o.
245 #0 - TITLE STATEMENT
Title Labour Inspection in Agriculture in south Asia.
260 ## - PUBLICATION, DISTRIBUTION, ETC.
Place of publication, distribution, etc. Bangkok
Name of publisher, distributor, etc. Bangkok, I L O
Date of publication, distribution, etc. 1988
300 ## - PHYSICAL DESCRIPTION
Extent vi,262
942 ## - ADDED ENTRY ELEMENTS (KOHA)
Koha item type Textbook
Classification part X8(J).4 M8

No items available.

Copyright @ Delhi University Library System